000 00253nam a2200121Ia 4500
999 _c3125
_d3125
020 _a13: 978-8129108548
082 _a954.1
100 _aAmaresh Misra
245 0 _aMangal Pandey
260 _aNew Delhi
_bRupa. Co
_c2005
300 _a106
942 _cBK